ბათუმის შოთა რუსთაველის სახელმწიფო უნივერსიტეტის ბიბლიოთეკა

აჭარული ზეპირსიტყვიერებისა და ეთნოგრაფიის მასალები / (ბიბ.ჩანაწერი № 56723)

000 -ლიდერი
ფიქსირებული სიგრძის საკონტროლო ველი 01232nam a22002057a 4500
003 - საკონტროლო ნომრის იდენტიფიკატორი
საკონტროლო ველი Ge_BSU
005 - ბოლო ოპერაციის თარიღი და დრო
საკონტროლო ველი 20190421015949.0
008 - ფიქსირებული სიგრძის მონაცემთა ელემენტები - ზოგადი ინფორმაცია
ფიქსირებული სიგრძის საკონტროლო ველი 190129s ge ||||| |||| 00| 0 geo d
041 ## - ენის კოდი
Language code of text/sound track or separate title geo
080 ## - უნივერსალური ათობითი კლასიფიკაციის ინდექსი
Universal Decimal Classification number 398(479.223)+39(479.223) ნ-89
100 ## - მთავარი ჩანაწერი - პიროვნების სახელი
Personal name ნოღაიდელი, ჯემალ
Relator term მეგრელიძე, იოსებ
9 (RLIN) 114
245 ## - ცნობა სათაურის შესახებ
Title აჭარული ზეპირსიტყვიერებისა და ეთნოგრაფიის მასალები /
Statement of responsibility, etc ი. მეგრელიძის რედ. და წინასიტყვაობით/ საქ. მეცნ. აკად., ბათუმის სამეცნ.-კვლევ. ინ-ტი.
264 ## - წარმოების, გამოცემის, დისტრიბუციის და სხვა ცნობები
გამოცემის, წარმოების, დისტრიბუციის... ადგილი თბილისი:
გამოცემის, წარმოების, დისტრიბუციის... სახელწოდება მეცნიერება,
გამოცემის, წარმოების, დისტრიბუციის... თარიღი 1967
300 ## - ფიზიკური აღწერა
Extent 91გვ.:
Other physical details 1ფ. პორტრ.;
Dimensions 20სმ.
500 ## - ზოგადი შენიშვნა
General note პარალ. სათაური რუსულ ენაზე
700 ## - ADDED ENTRY--PERSONAL NAME
Personal name ჯემალ, ნოღაიდელი.
9 (RLIN) 115
700 ## - ADDED ENTRY--PERSONAL NAME
Personal name იოსებ,მეგრელიძე.
9 (RLIN) 116
710 ## - ADDED ENTRY--CORPORATE NAME
Corporate name or jurisdiction name as entry element საქ. მეცნ. აკად., ბათუმის სამეცნ.-კვლევ. ინ-ტი.
9 (RLIN) 117
942 ## - ADDED ENTRY ELEMENTS (KOHA)
Source of classification or shelving scheme
Koha item type წიგნი

არაა ხელმისაწვდომი ეგზემპლარები.